<?xml version="1.0" encoding="UTF-8"?>
<record
    xmlns:xsi="http://www.w3.org/2001/XMLSchema-instance"
    xsi:schemaLocation="http://www.loc.gov/MARC21/slim http://www.loc.gov/standards/marcxml/schema/MARC21slim.xsd"
    xmlns="http://www.loc.gov/MARC21/slim">

  <leader>00748nam a22002057a 4500</leader>
  <controlfield tag="005">20230320121507.0</controlfield>
  <controlfield tag="008">230301b        |||||||| |||| 00| 0 eng d</controlfield>
  <datafield tag="020" ind1=" " ind2=" ">
    <subfield code="a">9788192300832</subfield>
  </datafield>
  <datafield tag="041" ind1=" " ind2=" ">
    <subfield code="a">eng</subfield>
  </datafield>
  <datafield tag="082" ind1=" " ind2=" ">
    <subfield code="a">746.44</subfield>
    <subfield code="b">SHR</subfield>
  </datafield>
  <datafield tag="100" ind1=" " ind2=" ">
    <subfield code="a">Shrikant Usha</subfield>
  </datafield>
  <datafield tag="245" ind1=" " ind2=" ">
    <subfield code="a">Ethnic Embroidery of India + CD</subfield>
  </datafield>
  <datafield tag="260" ind1=" " ind2=" ">
    <subfield code="a">Mumbai</subfield>
    <subfield code="b">Usha Shrikant</subfield>
    <subfield code="c">2015</subfield>
  </datafield>
  <datafield tag="300" ind1=" " ind2=" ">
    <subfield code="a">143</subfield>
  </datafield>
  <datafield tag="365" ind1=" " ind2=" ">
    <subfield code="b">1400.00</subfield>
    <subfield code="c">RS.00</subfield>
  </datafield>
  <datafield tag="520" ind1=" " ind2=" ">
    <subfield code="a">Origin of Indian Embroidery
Embroidery of Bengal
Embroidery of Banjara Tribe
Embroidery of Gujarat &amp; Rajasthan
Embroidery of Karnataka
Embroidery of Kashmir
Embroidery of Punjab
Embroidery of Uttar Pradesh
Gold &amp; Silver Wire Embroidery of Uttar Pradesh
</subfield>
  </datafield>
  <datafield tag="650" ind1=" " ind2=" ">
    <subfield code="a">Embroidery</subfield>
    <subfield code="9">119869</subfield>
  </datafield>
  <datafield tag="942" ind1=" " ind2=" ">
    <subfield code="c">BK</subfield>
  </datafield>
  <datafield tag="999" ind1=" " ind2=" ">
    <subfield code="c">98314</subfield>
    <subfield code="d">98314</subfield>
  </datafield>
  <datafield tag="952" ind1=" " ind2=" ">
    <subfield code="0">0</subfield>
    <subfield code="1">0</subfield>
    <subfield code="2">ddc</subfield>
    <subfield code="4">0</subfield>
    <subfield code="7">1</subfield>
    <subfield code="a">SOFT</subfield>
    <subfield code="b">SOFT</subfield>
    <subfield code="d">2023-02-27</subfield>
    <subfield code="e">Usha Shrikant</subfield>
    <subfield code="g">1400.00</subfield>
    <subfield code="o">746.44 SHR</subfield>
    <subfield code="p">SOFT-BK-4103</subfield>
    <subfield code="r">2023-03-01 00:00:00</subfield>
    <subfield code="t">30%</subfield>
    <subfield code="v">2000.00</subfield>
    <subfield code="w">2023-03-01</subfield>
    <subfield code="y">RF</subfield>
    <subfield code="z">004103</subfield>
  </datafield>
  <datafield tag="952" ind1=" " ind2=" ">
    <subfield code="0">0</subfield>
    <subfield code="1">0</subfield>
    <subfield code="2">ddc</subfield>
    <subfield code="4">0</subfield>
    <subfield code="7">0</subfield>
    <subfield code="a">SOFT</subfield>
    <subfield code="b">SOFT</subfield>
    <subfield code="d">2023-02-27</subfield>
    <subfield code="e">Usha Shrikant</subfield>
    <subfield code="g">1400.00</subfield>
    <subfield code="l">17</subfield>
    <subfield code="o">746.44 SHR</subfield>
    <subfield code="p">SOFT-BK-4104</subfield>
    <subfield code="r">2025-08-21 00:00:00</subfield>
    <subfield code="s">2025-08-20</subfield>
    <subfield code="t">30%</subfield>
    <subfield code="v">2000.00</subfield>
    <subfield code="w">2023-03-01</subfield>
    <subfield code="y">BK</subfield>
    <subfield code="z">004104</subfield>
  </datafield>
  <datafield tag="952" ind1=" " ind2=" ">
    <subfield code="0">0</subfield>
    <subfield code="1">0</subfield>
    <subfield code="2">ddc</subfield>
    <subfield code="4">0</subfield>
    <subfield code="7">0</subfield>
    <subfield code="a">SOFT</subfield>
    <subfield code="b">SOFT</subfield>
    <subfield code="d">2023-02-27</subfield>
    <subfield code="e">Usha Shrikant</subfield>
    <subfield code="g">1400.00</subfield>
    <subfield code="l">18</subfield>
    <subfield code="o">746.44 SHR</subfield>
    <subfield code="p">SOFT-BK-4105</subfield>
    <subfield code="r">2025-09-24 15:42:53</subfield>
    <subfield code="s">2025-09-24</subfield>
    <subfield code="t">30%</subfield>
    <subfield code="v">2000.00</subfield>
    <subfield code="w">2023-03-01</subfield>
    <subfield code="y">BK</subfield>
    <subfield code="z">004105</subfield>
  </datafield>
  <datafield tag="952" ind1=" " ind2=" ">
    <subfield code="0">0</subfield>
    <subfield code="1">0</subfield>
    <subfield code="2">ddc</subfield>
    <subfield code="4">0</subfield>
    <subfield code="7">0</subfield>
    <subfield code="a">SOFT</subfield>
    <subfield code="b">SOFT</subfield>
    <subfield code="d">2023-02-27</subfield>
    <subfield code="e">Usha Shrikant</subfield>
    <subfield code="g">1400.00</subfield>
    <subfield code="l">10</subfield>
    <subfield code="o">746.44 SHR</subfield>
    <subfield code="p">SOFT-BK-4106</subfield>
    <subfield code="r">2025-08-19 00:00:00</subfield>
    <subfield code="s">2025-08-19</subfield>
    <subfield code="t">30%</subfield>
    <subfield code="v">2000.00</subfield>
    <subfield code="w">2023-03-01</subfield>
    <subfield code="y">BK</subfield>
    <subfield code="z">004106</subfield>
  </datafield>
  <datafield tag="952" ind1=" " ind2=" ">
    <subfield code="0">0</subfield>
    <subfield code="1">0</subfield>
    <subfield code="2">ddc</subfield>
    <subfield code="4">0</subfield>
    <subfield code="7">0</subfield>
    <subfield code="a">SOFT</subfield>
    <subfield code="b">SOFT</subfield>
    <subfield code="d">2023-02-27</subfield>
    <subfield code="e">Usha Shrikant</subfield>
    <subfield code="g">1400.00</subfield>
    <subfield code="l">10</subfield>
    <subfield code="o">746.44 SHR</subfield>
    <subfield code="p">SOFT-BK-4107</subfield>
    <subfield code="r">2025-09-04 00:00:00</subfield>
    <subfield code="s">2025-09-02</subfield>
    <subfield code="t">30%</subfield>
    <subfield code="v">2000.00</subfield>
    <subfield code="w">2023-03-01</subfield>
    <subfield code="y">BK</subfield>
    <subfield code="z">004107</subfield>
  </datafield>
  <datafield tag="952" ind1=" " ind2=" ">
    <subfield code="0">0</subfield>
    <subfield code="1">0</subfield>
    <subfield code="2">ddc</subfield>
    <subfield code="4">0</subfield>
    <subfield code="7">0</subfield>
    <subfield code="a">SOFT</subfield>
    <subfield code="b">SOFT</subfield>
    <subfield code="d">2024-08-05</subfield>
    <subfield code="e">Usha Shrikant</subfield>
    <subfield code="g">2000.00</subfield>
    <subfield code="l">4</subfield>
    <subfield code="o">746.44 SHR</subfield>
    <subfield code="p">SOFT-BK-D166</subfield>
    <subfield code="r">2025-10-16 10:21:51</subfield>
    <subfield code="s">2025-08-19</subfield>
    <subfield code="v">2000.00</subfield>
    <subfield code="w">2024-08-13</subfield>
    <subfield code="y">DB</subfield>
    <subfield code="z">D166</subfield>
  </datafield>
  <datafield tag="952" ind1=" " ind2=" ">
    <subfield code="0">0</subfield>
    <subfield code="1">0</subfield>
    <subfield code="2">ddc</subfield>
    <subfield code="4">0</subfield>
    <subfield code="7">0</subfield>
    <subfield code="a">SOFT</subfield>
    <subfield code="b">SOFT</subfield>
    <subfield code="d">2024-08-05</subfield>
    <subfield code="e">Usha Shrikant</subfield>
    <subfield code="g">2000.00</subfield>
    <subfield code="l">5</subfield>
    <subfield code="o">746.44 SHR</subfield>
    <subfield code="p">SOFT-BK-D167</subfield>
    <subfield code="r">2025-09-02 00:00:00</subfield>
    <subfield code="s">2025-09-02</subfield>
    <subfield code="v">2000.00</subfield>
    <subfield code="w">2024-08-13</subfield>
    <subfield code="y">DB</subfield>
    <subfield code="z">D167</subfield>
  </datafield>
  <datafield tag="952" ind1=" " ind2=" ">
    <subfield code="0">0</subfield>
    <subfield code="1">0</subfield>
    <subfield code="2">ddc</subfield>
    <subfield code="4">0</subfield>
    <subfield code="7">0</subfield>
    <subfield code="a">SOFT</subfield>
    <subfield code="b">SOFT</subfield>
    <subfield code="d">2025-09-17</subfield>
    <subfield code="e">Usha Shrikant</subfield>
    <subfield code="l">0</subfield>
    <subfield code="o">746.44 SHR</subfield>
    <subfield code="p">SOFT-BK-D262</subfield>
    <subfield code="r">2025-09-19 14:05:00</subfield>
    <subfield code="v">2000.00</subfield>
    <subfield code="y">DB</subfield>
  </datafield>
  <datafield tag="952" ind1=" " ind2=" ">
    <subfield code="0">0</subfield>
    <subfield code="1">0</subfield>
    <subfield code="2">ddc</subfield>
    <subfield code="4">0</subfield>
    <subfield code="7">0</subfield>
    <subfield code="a">SOFT</subfield>
    <subfield code="b">SOFT</subfield>
    <subfield code="d">2025-09-17</subfield>
    <subfield code="e">Usha Shrikant</subfield>
    <subfield code="g">2000.00</subfield>
    <subfield code="l">0</subfield>
    <subfield code="o">746.44 SHR</subfield>
    <subfield code="p">SOFT-BK-D263</subfield>
    <subfield code="r">2025-09-19 14:05:00</subfield>
    <subfield code="y">DB</subfield>
  </datafield>
  <datafield tag="952" ind1=" " ind2=" ">
    <subfield code="0">0</subfield>
    <subfield code="1">0</subfield>
    <subfield code="2">ddc</subfield>
    <subfield code="4">0</subfield>
    <subfield code="7">0</subfield>
    <subfield code="a">SOFT</subfield>
    <subfield code="b">SOFT</subfield>
    <subfield code="d">2025-09-17</subfield>
    <subfield code="e">Usha Shrikant</subfield>
    <subfield code="g">2000.00</subfield>
    <subfield code="l">0</subfield>
    <subfield code="o">746.44 SHR</subfield>
    <subfield code="p">SOFT-BK-D264</subfield>
    <subfield code="r">2025-09-19 14:05:00</subfield>
    <subfield code="y">DB</subfield>
  </datafield>
  <datafield tag="952" ind1=" " ind2=" ">
    <subfield code="0">0</subfield>
    <subfield code="1">0</subfield>
    <subfield code="2">ddc</subfield>
    <subfield code="4">0</subfield>
    <subfield code="7">0</subfield>
    <subfield code="a">SOFT</subfield>
    <subfield code="b">SOFT</subfield>
    <subfield code="d">2025-09-17</subfield>
    <subfield code="e">Usha Shrikant</subfield>
    <subfield code="g">2000.00</subfield>
    <subfield code="l">2</subfield>
    <subfield code="o">746.44 SHR</subfield>
    <subfield code="p">SOFT-BK-D265</subfield>
    <subfield code="r">2025-10-07 15:50:07</subfield>
    <subfield code="s">2025-10-01</subfield>
    <subfield code="y">DB</subfield>
  </datafield>
  <datafield tag="952" ind1=" " ind2=" ">
    <subfield code="0">0</subfield>
    <subfield code="1">0</subfield>
    <subfield code="2">ddc</subfield>
    <subfield code="4">0</subfield>
    <subfield code="7">0</subfield>
    <subfield code="a">SOFT</subfield>
    <subfield code="b">SOFT</subfield>
    <subfield code="d">2025-09-17</subfield>
    <subfield code="e">Usha Shrikant</subfield>
    <subfield code="g">2000.00</subfield>
    <subfield code="l">1</subfield>
    <subfield code="o">746.44 SHR</subfield>
    <subfield code="p">SOFT-BK-D266</subfield>
    <subfield code="r">2025-10-13 16:08:03</subfield>
    <subfield code="s">2025-10-03</subfield>
    <subfield code="y">DB</subfield>
  </datafield>
</record>
